Les buteurs de l'Italie au Championnat d'Europe de football 2012 - Statistiques

Statistiques générales
  • Ce quiz a été pris 22 fois
  • Le résultat moyen est 4 sur 6
Statistiques - réponses
Match Minute Buteur % Correct
Italie - Irlande 2-0 90' Mario Balotelli
100%
Allemagne - Italie 1-2 20' Mario Balotelli
100%
Allemagne - Italie 1-2 36' Mario Balotelli
100%
Italie - Croatie 1-1 39' Andrea Pirlo
68%
Espagne - Italie 1-1 61' Antonio Di Natale
47%
Italie - Irlande 2-0 35' Antonio Cassano
32%
Aucun quiz correspondant
Distribution des résultats
% des personnes avec chaque résultat
Percentile par nombre de réponses
Votre historique - résultats
Vous n’avez pas pris ce quiz